Konsep pengurusan kaunseling perbandingan : suatu kajian terhadap pengamalannya di beberapa institusi pendidikan sekitar Kuala Terengganu /
Saved in:
| Main Author: | |
|---|---|
| Format: | Thesis Book |
| Language: | Malay |
| Subjects: | |
| Online Access: | http://studentsrepo.um.edu.my/id/eprint/1881 |
| Tags: |
Add Tag
No Tags, Be the first to tag this record!
|
| LEADER | 01483cam a2200337 a 4500 | ||
|---|---|---|---|
| 001 | u487512 | ||
| 003 | SIRSI | ||
| 008 | 980113s2001 my t 00 1 may m | ||
| 035 | |a ACQ-8665 | ||
| 040 | |a UMA |d UMM |e rda | ||
| 090 | |a BP42 |b A2 UM 2001 Asyrha | ||
| 094 | |a BP42 |b A2 UM 2001 Asyrha | ||
| 100 | 0 | 0 | |a Asyraf Ridwan Haji Ali |e author. |
| 245 | 1 | 0 | |a Konsep pengurusan kaunseling perbandingan : |b suatu kajian terhadap pengamalannya di beberapa institusi pendidikan sekitar Kuala Terengganu / |c Asyraf Ridwan Hj. Ali. |
| 264 | 1 | |c 2001. | |
| 264 | 4 | |c 2001. | |
| 300 | |a 150 leaves : |b illustrations ; |c 29 cm. | ||
| 336 | |a text |2 rdacontent | ||
| 337 | |a unmediated |2 rdamedia | ||
| 338 | |a volume |2 rdacarrier | ||
| 500 | |a AIUM | ||
| 502 | |a Dissertation (M.Usuluddin) -- Bahagian Pengajian Usuluddin, Akademi Pengajian Islam, Universiti Malaya, 2001. | ||
| 504 | |a Includes bibliographical references. | ||
| 650 | 0 | |a Counseling |x Religious aspects |x Islam. | |
| 710 | 2 | 0 | |a Universiti Malaya. |b Akademi Pengajian Islam. |b Bahagian Pengajian Usuluddin |
| 856 | 4 | 1 | |u http://studentsrepo.um.edu.my/id/eprint/1881 |
| 948 | |a 06/09/2001 |b 30/09/2004 | ||
| 596 | |a 1 12 18 | ||
| 999 | |a BP42 A2 UM 2001 ASYRHA |w LC |c 1 |i A510643726 |d 3/1/2016 |e 3/1/2016 |l STACKS |m P01UTAMA |n 3 |r Y |s Y |t TESIS |u 14/2/2002 | ||
| 999 | |a BP42 A2 UM 2001 ASYRHA |w LC |c 1 |i A510345012 |l STACKS |m P12ISLAMKL |r Y |s Y |t TESIS |u 10/10/2001 | ||
| 999 | |a BP42 A2 UM 2001 ASYRHA |w LC |c 1 |i A509235107 |l RESERVES |m P18ISLPURI |r Y |s Y |t TESIS |u 6/9/2001 | ||
